The EU Regional Policy: Experiences and Recommendations from Slovakia
Kapitola prezentuje skúsenosti Slovenska s programovaním a implementáciou kohéznej politiky EÚ. Po krátkom zobrazení predvstupového obdobia sa hlavný dôraz kladie na skúsenosti s členstvom. Skúma sa z pohľadu poslania a cieľov kohéznej politiky, riadenia a inštitucionálnej architektúry, princípu par...
Guardado en:
| Autor principal: | |
|---|---|
| Otros Autores: | , |
| Formato: | Capítulo de libro |
| Lenguaje: | inglés |
| Materias: | |
| Etiquetas: |
Sin Etiquetas, Sea el primero en etiquetar este registro!
|
MARC
| LEADER | 00000naa$a2200000$$$4500 | ||
|---|---|---|---|
| 001 | 0304892 | ||
| 005 | 20251008092658.8 | ||
| 041 | 0 | |a eng | |
| 044 | |a ME | ||
| 245 | 1 | 0 | |a The EU Regional Policy: Experiences and Recommendations from Slovakia |c Igor Jašurek, Martin Hudcovský, Karol Morvay |
| 520 | |a Kapitola prezentuje skúsenosti Slovenska s programovaním a implementáciou kohéznej politiky EÚ. Po krátkom zobrazení predvstupového obdobia sa hlavný dôraz kladie na skúsenosti s členstvom. Skúma sa z pohľadu poslania a cieľov kohéznej politiky, riadenia a inštitucionálnej architektúry, princípu partnerstva a integrovaného územného rozvoja ako základných atribútov kohéznej politiky EÚ. Vývoj programovania a implementácie kohéznej politiky na Slovensku je úzko spätý s vývojom na úrovni EÚ. Slovensko tak odzrkadľuje vzostupy a pády kohéznej politiky EÚ. | ||
| 610 | 2 | 0 | |a politika regionálna |
| 610 | 2 | 0 | |a konvergencia |
| 610 | 2 | 0 | |a regióny |
| 610 | 2 | 0 | |a politika kohézna |
| 610 | 2 | 0 | |a Európska únia |
| 100 | 1 | |a Jašurek, Igor, 1979- | |
| 700 | 1 | |a Hudcovský, Martin, 1988- | |
| 700 | 1 | |a Morvay, Karol, 1973- | |